UITU Library & LRC     

Statistics for Business and Economics (Record no. 17075)

MARC details
000 -LEADER
fixed length control field 00479nam a2200181Ia 4500
008 - FIXED-LENGTH DATA ELEMENTS--GENERAL INFORMATION
fixed length control field 240925s9999 xx 000 0 und d
020 ## - INTERNATIONAL STANDARD BOOK NUMBER
International Standard Book Number 9788131719275
082 ## - DEWEY DECIMAL CLASSIFICATION NUMBER
Classification number 519.5 NEW
100 ## - MAIN ENTRY--PERSONAL NAME
Personal name Newbold, Paul
245 #0 - TITLE STATEMENT
Title Statistics for Business and Economics
250 ## - EDITION STATEMENT
Edition statement 6th
260 ## - PUBLICATION, DISTRIBUTION, ETC.
Place of publication, distribution, etc. New Delhi:
Name of publisher, distributor, etc. Pearson Education
Date of publication, distribution, etc. ,2007.
300 ## - PHYSICAL DESCRIPTION
Extent 85p.
Other physical details 0
Type of unit Original
500 ## - GENERAL NOTE
General note Includes Index
600 ## - SUBJECT ADDED ENTRY--PERSONAL NAME
Personal name Humanities & Natural Science
650 ## - SUBJECT ADDED ENTRY--TOPICAL TERM
Topical term or geographic name entry element Mathematics
942 ## - ADDED ENTRY ELEMENTS (KOHA)
Koha item type Books
Holdings
Withdrawn status Lost status Damaged status Not for loan Collection Home library Current library Date acquired Source of acquisition Cost, normal purchase price Total checkouts Full call number Barcode Date last seen Price effective from Koha item type
        Humanities & Basic Sciences UITU Library UITU Library 02/03/2019 Allied Book Company 1206.40   519.5 NEW Q14576 09/25/2024 09/25/2024 Books

Powered by Koha